| 000 | 00619nam a2200241Ia 4500 | ||
|---|---|---|---|
| 003 | OSt | ||
| 005 | 20221005052415.0 | ||
| 006 | a|||||r|||| 00| 0 | ||
| 007 | ta | ||
| 008 | 221004b |||||||| |||| 00| 0 eng d | ||
| 024 | _a56327 | ||
| 037 | _cTextual | ||
| 040 |
_aCRL _cCRL _beng |
||
| 041 |
_2eng _aeng |
||
| 082 | _aT9(Y4), M5 | ||
| 100 |
_aGothard W P _9140033 |
||
| 245 | 0 |
_aVocational guidance _b Theory and practice |
|
| 260 |
_aLondon _bCroom Helm _c1985 |
||
| 300 |
_a198p. _ccm. |
||
| 650 | _aEDUCATION | ||
| 942 |
_hT9(Y4), M5 _cTEXL _2cc |
||
| 999 |
_c960387 _d960387 |
||